[Event "ESCC Women 65 2019"]
[Site "Halkidik"]
[Date "2019.04.09"]
[Round "4.4"]
[White "Sinchurina, Tatiana"]
[Black "Burchardt, Brigitte"]
[Result "1/2-1/2"]
[WhiteElo "1967"]
[BlackElo "2136"]
[Annotator "NA"]
[PlyCount "51"]
[EventDate "2019.04.06"]
[EventType "swiss"]
[EventCountry "GRE"]
[SourceTitle "playchess.com"]
[Source "ChessBase"]
[SourceQuality "1"]
[TimeControl "40/5400+30:1800+30"]

1. e4 {[%emt 0:00:00]} c5 {[%emt 0:00:00]} 2. Nf3 {[%emt 0:00:00]} d6 {[%emt 0:00:00]} 3. d4 {[%emt 0:00:00]} cxd4 {[%emt 0:00:00]} 4. Nxd4 {[%emt 0:00:02]} Nf6 {[%emt 0:00:00]} 5. Bd3 {[%emt 0:01:06]} Nc6 {[%emt 0:05:02]} 6. c3 {[%emt 0:01:42]} g6 {[%emt 0:01:56]} 7. O-O {[%emt 0:03:12]} Bg7 {[%emt 0:00:04]} 8. Re1 {[%emt 0:01:25]} O-O {[%emt 0:01:05]} 9. Nd2 {[%emt 0:08:51] B07: Pirc Defence: Miscellaneous Systems} Ng4 {[%emt 0:19:09]} 10. Nxc6 $146 {[%emt 0:01:37]} ({Predecessor:} 10. N2f3 Qb6 11. Qe2 Nxd4 12. Nxd4 Bxd4 13. cxd4 Qxd4 14. Rd1 Qe5 15. g3 Qh5 16. h4 Be6 {0-1 (47) Ciolac,G (2430)-Impris,O St Ingbert 1991}) 10... bxc6 {[%emt 0:03:22]} 11. h3 {[%emt 0:02:45]} Ne5 {[%emt 0:05:14]} 12. Nf3 {[%emt 0:00:20]} Nxd3 {[%emt 0:05:30]} 13. Qxd3 {[%emt 0:00:18]} Rb8 {[%emt 0:08:39]} 14. a4 {[%emt 0:03:34]} Qc7 {[%emt 0:03:43]} 15. Ra3 {[%emt 0:01:00]} Rd8 {[%emt 0:02:18]} 16. b4 {[%emt 0:02:56]} c5 {[%emt 0:06:00]} 17. Bd2 {[%emt 0:02:03]} Bb7 {[%emt 0:03:28]} 18. Qe3 {[%emt 0:03:58]} Rbc8 {[%emt 0:00:42]} 19. b5 {[%emt 0:01:00]} e6 {[%emt 0:10:14]} 20. c4 {[%emt 0:06:46]} d5 $11 {[%emt 0:01:10]} 21. cxd5 {[%emt 0:01:23]} exd5 {[%emt 0:00:07]} 22. exd5 {[%emt 0:00:55]} Bxd5 {[%emt 0:01:12]} 23. Bc3 {[%emt 0:03:38]} Bxc3 {[%emt 0:03:00]} 24. Qxc3 {[%emt 0:00:51]} Bxf3 {[%emt 0:02:02]} 25. Qxf3 {[%emt 0:00:15]} Re8 {[%emt 0:02:17]} 26. Rae3 {[%emt 0:01:20]} 1/2-1/2

[Event "ESCC Women 65 2019"]
[Site "Halkidik"]
[Date "2019.04.09"]
[Round "4.5"]
[White "Fatalibekova, Elena"]
[Black "Gaprindashvili, Nona"]
[Result "1-0"]
[WhiteElo "2148"]
[BlackElo "2294"]
[Annotator "NA"]
[PlyCount "59"]
[EventDate "2019.04.06"]
[EventType "swiss"]
[EventCountry "GRE"]
[SourceTitle "playchess.com"]
[Source "ChessBase"]
[SourceQuality "1"]
[TimeControl "40/5400+30:1800+30"]

1. e4 {[%emt 0:00:00]} b6 {[%emt 0:00:00]} 2. d4 {[%emt 0:00:00]} Bb7 {[%emt 0:00:00]} 3. Bd3 {[%emt 0:00:00]} g6 {[%emt 0:00:00]} 4. Nf3 {[%emt 0:00:18]} Bg7 {[%emt 0:00:06] LiveBook: 66 Games} 5. c4 {[%emt 0:00:15]} (5. O-O d6 6. Re1 e6 7. Nbd2 Nd7 8. c3 Ne7 9. a4 a6 10. Nf1 O-O 11. Ng3 e5 12. h4 d5 13. exd5 exd4 {1-0 (29) Nihal,S (2576)-Adly,A (2626) St Petersburg 2018}) 5... c5 {[%emt 0:00:26]} (5... e6 6. Nc3 Ne7 7. O-O d6 8. Be3 c5 9. d5 e5 10. Ne1 Nd7 11. a4 O-O 12. Nb5 Nc8 13. Qd2 a6 14. Nc3 Ne7 15. Bh6 Bc8 16. Ra3 Bxh6 17. Qxh6 {½-½ (17) Fatalibekova,E (2242)-Gaprindashvili,N (2299) Acqui Terme 2015}) 6. d5 {[%emt 0:00:23] B00: Queen's Fianchetto Defence, Nimzowitsch Defence} e5 $146 {[%emt 0:00:08]} ({Predecessor:} 6... d6 7. Nc3 Nd7 8. O-O Ngf6 9. h3 Qc7 10. Qc2 O-O 11. Bg5 a6 {1-0 (61) Boehm,J (2172)-Steinle,C (2141) Senden 2014}) 7. Nc3 {[%emt 0:00:18]} d6 {[%emt 0:00:26]} 8. O-O {[%emt 0:00:46]} Nh6 {[%emt 0:00:22]} 9. Ng5 {[%emt 0:07:12]} Bc8 {[%emt 0:06:54]} 10. h3 {[%emt 0:02:54]} O-O {[%emt 0:04:37]} 11. f4 {[%emt 0:00:21]} Nd7 {[%emt 0:17:13]} 12. f5 {[%emt 0:00:42]} Kh8 {[%emt 0:09:54]} 13. Qe1 {[%emt 0:04:35]} Nf6 {[%emt 0:16:00]} 14. g4 {[%emt 0:06:41]} Nfg8 {[%emt 0:05:15]} 15. Be3 {[%emt 0:03:01]} a6 {[%emt 0:06:35]} 16. a4 {[%emt 0:01:00]} Bd7 {[%emt 0:00:58]} 17. Qg3 {[%emt 0:02:14]} Qe7 {[%emt 0:03:56]} 18. Rf2 {[%emt 0:01:50]} b5 {[%emt 0:12:39]} 19. cxb5 {[%emt 0:03:50]} axb5 {[%emt 0:00:01]} 20. Bxb5 {[%emt 0:00:13]} ({But not} 20. Nxb5 Rfb8 $18) 20... Bxb5 $18 {[%emt 0:03:24]} 21. Nxb5 {[%emt 0:00:03]} gxf5 {[%emt 0:00:52]} 22. gxf5 {[%emt 0:00:57]} Rfb8 {[%emt 0:06:31]} 23. Rff1 {[%emt 0:00:48]} Nf6 {[%emt 0:00:52]} 24. Qf3 {[%emt 0:00:30]} Nhg8 {[%emt 0:00:42]} 25. Nxd6 {[%emt 0:00:57]} Nh6 {[%emt 0:00:14]} 26. Nb5 {[%emt 0:00:37]} c4 {[%emt 0:00:34]} 27. Qf2 {[%emt 0:08:26]} Nd7 {[%emt 0:03:40]} 28. d6 {[%emt 0:02:24]} Qf8 {[%emt 0:00:10]} 29. Nc7 {[%emt 0:01:24]} Ra5 {[%emt 0:00:09]} 30. Qd2 {[%emt 0:00:12]} 1-0